000 00548nam a2200181Ia 4500
008 090124s9999 xx 000 0 und d
082 _b8803
100 _aखानोलकर चिं. त्र्यं.
245 _a अजगर
250 _a1
260 _bमौज प्रकाशन गृह
_c1977
300 _a93
600 _aखानोलकर चिं. त्र्यं.
630 _a अजगर
700 _aखानोलकर चिं. त्र्यं.
730 _a अजगर
942 _cBOOK
999 _c84960
_d84960